ՀՀ Գիտությունների ազգային ակադեմիայի հիմնարար գիտական գրադարան  =   Fundamental Scientific Library of NAS RA

Յակոբ Ճէլալեանի նուիրատւութիունների կատալոգ / : (Record no. 527140)

MARC details
000 -LEADER
fixed length control field 02080nam a2200373 a 4500
001 - CONTROL NUMBER
control field 001011208
003 - CONTROL NUMBER IDENTIFIER
control field AM-YEHGA
005 - DATE AND TIME OF LATEST TRANSACTION
control field 20250618080113.0
008 - FIXED-LENGTH DATA ELEMENTS--GENERAL INFORMATION
fixed length control field 140403s2008 ai a|||gr|||||||||0|arm|d
020 ## - INTERNATIONAL STANDARD BOOK NUMBER
International Standard Book Number 9789994121649
040 ## - CATALOGING SOURCE
Original cataloging agency AM-YeHGA
041 1# - LANGUAGE CODE
Language code of text/sound track or separate title arm
090 ## - LOCALLY ASSIGNED LC-TYPE CALL NUMBER (OCLC); LOCAL CALL NUMBER (RLIN)
-- 565116
245 00 - TITLE STATEMENT
Title Յակոբ Ճէլալեանի նուիրատւութիունների կատալոգ / :
Remainder of title [204 մշակութային արժեք] /
Statement of responsibility, etc. Կազմ.` Ս. Պօղոսեան և ուրիշն. ; Խմբ.` Կ. Արիստակէսեան ; Թարգմ.՝ Ն. Սելեան և ուրիշ. ; Լուսանկ.` Վ. Յակոբյան ; Սարդարապատի հերոսամարտի հուշահամալիր ; Հայոց ազգագրութեան եւ ազատագրական պայքարի պատմության ազգային թանգարան.
260 ## - PUBLICATION, DISTRIBUTION, ETC.
Place of publication, distribution, etc. Երևան :
Name of publisher, distributor, etc. Տիգրան Մեծ,
Date of publication, distribution, etc. 2008.
300 ## - PHYSICAL DESCRIPTION
Extent 165 էջ :
Other physical details գուն. դիմանկ., նկ. ;
Dimensions 31 սմ.Պ.
600 14 - SUBJECT ADDED ENTRY--PERSONAL NAME
Personal name Ճէլալեան, Յակոբ
Dates associated with a name 1938-
650 14 - SUBJECT ADDED ENTRY--TOPICAL TERM
Topical term or geographic name entry element Թանգարանային գործ
650 14 - SUBJECT ADDED ENTRY--TOPICAL TERM
Topical term or geographic name entry element Դեկորատիվ կիրառական արվեստ
650 14 - SUBJECT ADDED ENTRY--TOPICAL TERM
Topical term or geographic name entry element Հնագիտություն
9 (RLIN) 24
700 1# - ADDED ENTRY--PERSONAL NAME
Personal name Պօղոսեան, Սվետլանա
Relator term առաջաբ.
Relationship aui
Relator term կազմ.
Relationship com
700 1# - ADDED ENTRY--PERSONAL NAME
Personal name Պապիկեան, Սոնիա
Relator term կազմ.
Relationship com
700 1# - ADDED ENTRY--PERSONAL NAME
Personal name Ասատրեան, Արտակ
Relator term կազմ.
Relationship com
700 1# - ADDED ENTRY--PERSONAL NAME
Personal name Ծատուրեան, Զորիկ
Relator term կազմ.
Relationship com
700 1# - ADDED ENTRY--PERSONAL NAME
Personal name Ճէլալեան, Արտա
Relator term կազմ.
Relationship com
700 1# - ADDED ENTRY--PERSONAL NAME
Personal name Արիստակէսեան, Կարեն
Relator term խմբ.
Relationship edt
700 1# - ADDED ENTRY--PERSONAL NAME
Personal name Սելեան, Նելլի
Relator term թարգմ.
Relationship trl
700 1# - ADDED ENTRY--PERSONAL NAME
Personal name Առաքելեան, Արմինե
Relator term թարգմ.
Relationship trl
700 1# - ADDED ENTRY--PERSONAL NAME
Personal name Թումանիդու, Թեոդորա
Relator term թարգմ.
Relationship trl
700 1# - ADDED ENTRY--PERSONAL NAME
Personal name Յակոբյան, Վռամ
Relator term լուսանկ.
Relationship pht
710 2# - ADDED ENTRY--CORPORATE NAME
Corporate name or jurisdiction name as entry element Սարդարապատի հերոսամարտի հուշահամալիր
710 2# - ADDED ENTRY--CORPORATE NAME
Corporate name or jurisdiction name as entry element Հայոց ազգագրութեան եւ ազատագրական պայքարի պատմության ազգային թանգարան
942 ## - ADDED ENTRY ELEMENTS (KOHA)
Source of classification or shelving scheme Universal Decimal Classification
Koha item type Գրքեր / Books
Holdings
Withdrawn status Lost status Source of classification or shelving scheme Damaged status Not for loan Collection Home library Current library Date acquired Total checkouts Full call number Barcode Date last seen Price effective from Koha item type Public note
    Universal Decimal Classification     General Fundamental Scientific Library Fundamental Scientific Library 06/03/2023   AIII/9422 FL0678419 06/03/2023 06/03/2023 Գրքեր / Books 30 Days Loan


ՀՀ ԳԱԱ հիմնարար գիտական գրադարան
ՀՀ,Երևան 0019
Մարշալ Բաղրամյան 24/6
հեռախոս:(374-10) 52-47-50
Հետադարձ կապ

All site content, except where otherwise noted, is licensed under a
Creative Commons License